[Event "Chefchaouen op 16th"]
[Site "Chefchaouen"]
[Date "2017.07.26"]
[Round "5"]
[White "Nafri, Khalil"]
[Black "Zarkik, Abdeslam"]
[Result "1/2-1/2"]
[WhiteElo "2252"]
[BlackElo "2041"]
[PlyCount "74"]
[EventDate "2017.07.24"]
[EventType "swiss"]
[EventRounds "9"]
[EventCountry "MAR"]
[SourceTitle "EXT 2020"]
[Source "ChessBase"]
[SourceDate "2019.10.17"]
[SourceVersion "1"]
[SourceVersionDate "2019.10.17"]
[SourceQuality "1"]

1. e4 c6 2. Nc3 d5 3. Nf3 Bg4 4. h3 Bxf3 5. Qxf3 e6 6. d4 Nf6 7. Bg5 Be7 8. 0-0-0 dxe4 9. Nxe4 Nxe4 10. Bxe7 Qxe7 11. Qxe4 Nd7 12. Bc4 0-0-0 13. Rhe1 Nf6 14. Qf3 Qb4 15. Qb3 Qxb3 16. Bxb3 Rd7 17. c3 Rhd8 18. Re5 Kc7 19. Rd3 Re7 20. Rg3 g6 21. Rf3 Nd7 22. Re4 Kd6 23. Rfe3 Nf6 24. Rf4 Nd5 25. Bxd5 cxd5 26. g4 f5 27. g5 e5 28. dxe5+ Rxe5 29. Rxe5 Kxe5 30. Rh4 a6 31. Rb4 Rd7 32. f4+ Kd6 33. Rb6+ Kc5 34. Re6 d4 35. Kc2 dxc3 36. Kxc3 Kd5 37. Re5+ Kd6 1/2-1/2